[Event "Veliko Gradiste Silver Lake op-A"]
[Site "Veliko Gradiste"]
[Date "2021.06.24"]
[Round "2"]
[White "Duquesne, Julien"]
[Black "Rutten, Alexander"]
[Result "0-1"]
[WhiteElo "1849"]
[BlackElo "2104"]
[PlyCount "117"]
[EventDate "2021.06.23"]
[EventType "swiss"]
[EventRounds "9"]
[EventCountry "SRB"]
[SourceTitle "CBM 203 Extra"]
[Source "ChessBase"]
[SourceDate "2021.09.30"]
[SourceVersion "1"]
[SourceVersionDate "2021.09.30"]
[SourceQuality "1"]

1. e4 c5 2. c3 Nf6 3. e5 Nd5 4. d4 cxd4 5. Nf3 e6 6. cxd4 b6 7. Bc4 Bb7 8. 0-0 Be7 9. Nc3 Nxc3 10. bxc3 Qc7 11. Qd3 Nc6 12. Bg5 Rc8 13. Bb3 Bxg5 14. Nxg5 Na5 15. Rac1 h6 16. Ne4 Bxe4 17. Qxe4 Nc4 18. Rfd1 d5 19. Qg4 g6 20. Rd3 Qe7 21. h4 h5 22. Qf4 Rc7 23. Rf3 Rf8 24. Bc2 Rc8 25. Rb1 Kd7 26. Rb4 Kc7 27. Bd3 Na5 28. Ba6 Rcd8 29. Qc1 Kb8 30. Rf6 Rd7 31. Qb2 Ka8 32. Rf4 Rc7 33. a3 Rg8 34. Rf6 Rd8 35. a4 Qd7 36. Bb5 Qc8 37. Rf3 Rg8 38. Qd2 Qd8 39. g3 Qe7 40. Bd3 Rcc8 41. Ba6 Rcd8 42. Kg2 Qd7 43. Bb5 Qc8 44. Qd3 Rgf8 45. Ba6 Qd7 46. c4 dxc4 47. Bxc4 Qe7 48. Rb5 Nxc4 49. d5 exd5 50. Rxd5 Na5 51. Qe4 Nc6 52. Qf4 Rfe8 53. Re3 Qb4 54. Re4 Qb3 55. Rb5 Qd3 56. Re3 Qd7 57. Qe4 f5 58. Qf3 Rc8 59. Rc3 0-1

[Event "Toulouse Lardenne op 2nd"]
[Site "Toulouse"]
[Date "2014.05.18"]
[Round "2"]
[White "De Baralle, Michel"]
[Black "Duquesne, Julien"]
[Result "0-1"]
[WhiteElo "1534"]
[BlackElo "1703"]
[PlyCount "38"]
[EventDate "2014.05.17"]
[EventType "swiss"]
[EventRounds "6"]
[EventCountry "FRA"]
[SourceTitle "EXT 2015"]
[Source "ChessBase"]
[SourceDate "2014.11.20"]
[SourceVersion "1"]
[SourceVersionDate "2014.11.20"]
[SourceQuality "1"]

1. d4 d5 2. Nf3 Nf6 3. Bg5 e6 4. e3 Nbd7 5. c4 c6 6. Nc3 Qa5 7. Bxf6 Nxf6 8. Nd2 Bb4 9. Qc2 e5 10. cxd5 Nxd5 11. Nxd5 cxd5 12. a3 exd4 13. exd4 0-0 14. Rd1 Re8+ 15. Be2 Bd6 16. Qc3 Qb5 17. Qf3 Bf5 18. Kf1 Rxe2 19. Qxe2 Bd3 0-1